000 00675nam a2200205Ia 4500
003 GCL
008 140319s9999 xx 000 0 ara d
040 _aGCL /
_cGCL
082 0 4 _a811.9565
_bف ى
100 1 _aفاروق منجونة
245 1 0 _aيوسف يتجسد فيكم /
_cفاروق منجونة
300 _a138 ص
490 _aالهيئة العامة للاستعلامات
_v0
650 0 4 _aالشعر العربى
650 0 4 _aالادب العربى
650 0 4 _aالشعر العربى - تاريخ ونقد
650 0 4 _aالشعر العربى - دواوين وقصائد
650 0 4 _aالشعر العربى - سوريا
942 _2ddc
_cBK
999 _c49974
_d49974